Contemporary China's diplomacy / (Record no. 22519)
[ view plain ]
| 000 -LEADER | |
|---|---|
| fixed length control field | 00878cam a22002775a 4500 |
| 001 - CONTROL NUMBER | |
| control field | 017752383 |
| 003 - CONTROL NUMBER IDENTIFIER | |
| control field | OSt |
| 005 - DATE AND TIME OF LATEST TRANSACTION | |
| control field | 20161011155257.0 |
| 008 - FIXED-LENGTH DATA ELEMENTS--GENERAL INFORMATION | |
| fixed length control field | 150520s2014 cc a fr 000 0 eng d |
| 020 ## - INTERNATIONAL STANDARD BOOK NUMBER | |
| International Standard Book Number | 9787508527932 |
| 020 ## - INTERNATIONAL STANDARD BOOK NUMBER | |
| International Standard Book Number | 7508527933 |
| 040 ## - CATALOGING SOURCE | |
| Original cataloging agency | MNU |
| Language of cataloging | eng |
| Transcribing agency | MNU |
| Modifying agency | OCLCF |
| -- | Uk |
| -- | EG-ScBUE |
| 041 1# - LANGUAGE CODE | |
| Language code of text/sound track or separate title | eng |
| Language code of original and/or intermediate translations of text | chi |
| 043 ## - GEOGRAPHIC AREA CODE | |
| Geographic area code | a-cc--- |
| 082 04 - DEWEY DECIMAL CLASSIFICATION NUMBER | |
| Edition number | 22 |
| Classification number | 320.0951 |
| Item number | ZHA |
| 100 1# - MAIN ENTRY--PERSONAL NAME | |
| Personal name | Zhang, Qingmin, |
| Dates associated with a name | 1966- |
| 9 (RLIN) | 41461 |
| 245 10 - TITLE STATEMENT | |
| Title | Contemporary China's diplomacy / |
| Statement of responsibility, etc | by Zhang Qingmin. |
| 260 ## - PUBLICATION, DISTRIBUTION, ETC. (IMPRINT) | |
| Place of publication, distribution, etc | [Beijing] : |
| Name of publisher, distributor, etc | China Intercontinental Press, |
| Date of publication, distribution, etc | 2014. |
| 300 ## - PHYSICAL DESCRIPTION | |
| Extent | 217 p. : |
| Other physical details | ill. ; |
| Dimensions | 23 cm. |
| 490 1# - Series Statement | |
| Series statement | Contemporary China. |
| 546 ## - LANGUAGE NOTE | |
| Language note | Text in English ; translated from original Chinese. |
| 651 #7 - SUBJECT ADDED ENTRY--GEOGRAPHIC NAME | |
| Geographic name | China |
| General subdivision | Foreign relations |
| Chronological subdivision | 1976- |
| Source of heading or term | BUEsh |
| 9 (RLIN) | 9339 |
| 651 #0 - SUBJECT ADDED ENTRY--GEOGRAPHIC NAME | |
| Geographic name | China |
| General subdivision | Foreign relations |
| Chronological subdivision | 21st century. |
| Source of heading or term | BUEsh |
| 9 (RLIN) | 41462 |
| 653 ## - INDEX TERM--UNCONTROLLED | |
| Resource For college | BAEPS, Political Science |
| Arrived date list | October2016 |
| 942 ## - ADDED ENTRY ELEMENTS (KOHA) | |
| Source of classification or shelving scheme | Dewey Decimal Classification |
| Withdrawn status | Item status | Source of classification or shelving scheme | Damaged status | Not for loan | Vendor | Home library | Current library | Shelving location | Date acquired | Source of acquisition | Cost, normal purchase price | Total Checkouts | Total Renewals | Full call number | Barcode | Date last seen | Date last borrowed | Cost, replacement price | Koha item type |
|---|---|---|---|---|---|---|---|---|---|---|---|---|---|---|---|---|---|---|---|
| Dewey Decimal Classification | بيت الحكمة المصري | Central Library | Central Library | First floor | 11/10/2016 | Purchase | 80.00 | 1 | 7 | 320.0951 ZHA | 000034022 | 12/11/2025 | 29/05/2025 | 100.00 | Book - Borrowing |